BIBLIOTHÈQUE DE LA MAISON DU MEXIQUE

Logo 1 Logo 2

Relación del nuevo descubrimiento del famoso río grande de las Amazonas (notice nᵒ 11576)

détails MARC
000 -Sello discográfico
campo de control de longitud fija 01054nam a2200289 4500
005 - Identificación de versión
campo de control 20251016083127.0
035 ## - Otros números de control del sistema
Número de control del sistema 12402
099 ## - fechas locales
Tipo de ítem Koha LIBRO
100 ## - Datos de procesamiento general
Datos de procesamiento general 20040705d1955 m y1spay5003 ba
105 ## - Campo de datos codificados: Material textual, monográfico
Datos codificados de monografía y 001zy
200 1# - Título y mención de responsabilidad
Título propio Relación del nuevo descubrimiento del famoso río grande de las Amazonas
Designación general del material texto impreso
Primer mención de responsabilidad Fray Gaspar de Carvajal
Declaración de responsabilidad subsiguiente edición, introducción y notas Jorge Hernández Millares
210 ## - Publicación, distribución, etc.
Lugar de publicación, distribución, etc. México
Nombre del editor, distribuidor, etc. Fondo de Cultura Económica
Fecha de publicación, distribución, etc. 1955
215 ## - Descripción física
Designación de material específico y extensión del ítem 157 p
Dimensiones 22 cm
345 ## - Nota de información de adquisición
Fuente de adquisición/dirección de la suscripción [OBSOLETO] Donación
410 #1 - Series
Título Biblioteca Americana
Nombre de parte o sección Serie de Cronistas de Indias
607 ## - Nombre geográfico utilizado como tema
Elemento de entrada Amazonas, río
Subdivisión temática Descubrimiento y exploración
Número Koha 18220
607 ## - Nombre geográfico utilizado como tema
Elemento de entrada América
Subdivisión temática Descubrimiento y exploración
-- Españoles
Número Koha 1796
676 ## - Clasificación Decimal Dewey
Número 918 C331r
700 ## - Nombre personal - Responsabilidad primaria
Elemento de entrada Carvajal
Parte del nombre distinta del elemento de entrada Gaspar de
Fechas 1504-1584
Número Koha 18221
702 ## - Nombre personal - Responsabilidad secundaria
Elemento de entrada Hernández Millares
Parte del nombre distinta del elemento de entrada Jorge
Fechas 1911-1966
Número Koha 4554
801 #0 - Fuente de origen
Agencia cm
900 ## -
-- 1/7789
900 ## -
-- 7100419554\050704
942 ## - ELEMENTOS DE ENTRADA SECUNDARIOS (KOHA)
Tipo de ítem Koha Livre

Pas d'exemplaire disponible.